书目信息 |
| 题名: |
材料化学工程中的热力学与分子模拟研究
|
|
| 作者: | 陆小华 著 | |
| 分册: | ||
| 出版信息: | 北京 科学出版社 2011.05 |
|
| 页数: | 261页 | |
| 开本: | 24cm | |
| 丛书名: | 华夏英才基金学术文库 | |
| 单 册: | ||
| 中图分类: | TB3 , TQ013.1 | |
| 科图分类: | ||
| 主题词: | 材料科学--化学工程--热力学 , 计算机模拟--应用--材料科学--化学工程--分子物理学 , 材料科学 , 化学工程 , 热力学 , 计算机模拟 , 材料科学 , 化学工程 , 分子物理学 | |
| 电子资源: | ||
| ISBN: | 978-7-03-029784-6 | |
| 000 | 01274oam2 2200361 450 | |
| 001 | 010020000993 | |
| 005 | 20130427084821.87 | |
| 010 | @a978-7-03-029784-6@dCNY60.00 | |
| 100 | @a20110711d2011 em y0chiy50 ea | |
| 101 | 0 | @achi |
| 102 | @aCN@b110000 | |
| 105 | @aak z 000yy | |
| 106 | @ar | |
| 200 | 1 | @a材料化学工程中的热力学与分子模拟研究@9cai liao hua xue gong cheng zhong de re li xue yu fen zi mo ni yan jiu@f陆小华著 |
| 210 | @a北京@c科学出版社@d2011.05 | |
| 215 | @a261页@c图@d24cm | |
| 225 | 2 | @a华夏英才基金学术文库 |
| 330 | @a本书阐述了“材料化学工程”学科的难点、热点和焦点问题,并初步探讨了学科自身的方法论。采用热力学和分子模拟的方法研究材料化学工程典型体系,重点介绍作者对材料性能有显著影响的介观层次的微相结构及其演变过程、界面结构以及溶液中离子的传递规律的创新工作。 | |
| 461 | 0 | @12001 @a华夏英才基金学术文库 |
| 606 | 0 | @a材料科学@x化学工程@x热力学 |
| 606 | 0 | @a计算机模拟@x应用@x材料科学@x化学工程@x分子物理学 |
| 606 | 0 | @a材料科学 |
| 606 | 0 | @a化学工程 |
| 606 | 0 | @a热力学 |
| 606 | 0 | @a计算机模拟 |
| 606 | 0 | @a材料科学 |
| 606 | 0 | @a化学工程 |
| 606 | 0 | @a分子物理学 |
| 690 | @aTB3@v4 | |
| 690 | @aTQ013.1@v4 | |
| 701 | 0 | @a陆小华@9lu xiao hua@4著 |
| 801 | 0 | @aCN@bNLC@c20110711 |
| 905 | @b542394-96@dTB3@e219@f3 | |
| 材料化学工程中的热力学与分子模拟研究/陆小华著.-北京:科学出版社,2011.05 |
| 261页:图;24cm.-(华夏英才基金学术文库) |
| ISBN 978-7-03-029784-6:CNY60.00 |
| 本书阐述了“材料化学工程”学科的难点、热点和焦点问题,并初步探讨了学科自身的方法论。采用热力学和分子模拟的方法研究材料化学工程典型体系,重点介绍作者对材料性能有显著影响的介观层次的微相结构及其演变过程、界面结构以及溶液中离子的传递规律的创新工作。 |
| ● |
| 相关链接 |
|
|
|
|
正题名:材料化学工程中的热力学与分子模拟研究
索取号:TB3/219
 
预约/预借
| 序号 | 登录号 | 条形码 | 馆藏地/架位号 | 状态 | 备注 |
| 1 | 542394 | 205423941 | 第二样本阅览室/ [索取号:TB3/219] | 在馆 | |
| 2 | 542395 | 205423950 | 第三借阅区/ [索取号:TB3/219] | 在馆 | |
| 3 | 542396 | 205423969 | 密集书库-化学系/ [索取号:TB3/219] | 在馆 |